Statistics for Colleges of 2014 NFL RBs

Click here to take the quiz!

General Stats

  • This quiz has been taken 346 times
  • The average score is 32 of 61

Answer Stats

#TeamNameCollege% Correct
30Indianapolis ColtsTrent RichardsonAlabama
96%
9New Orleans SaintsMark IngramAlabama
96%
12Green Bay PackersEddie LacyAlabama
96%
21Jacksonville JaguarsDenard RobinsonMichigan
94%
2Pittsburgh SteelersLe'Veon BellMichigan State
88%
1Dallas CowboysDeMarco MurrayOklahoma
88%
24Minnesota VikingsAdrian PetersonOklahoma
88%
45Detroit LionsReggie BushUSC
82%
7Kansas City ChiefsJamal CharlesTexas
81%
20Denver BroncosC.J. AndersonCalifornia
80%
4Seattle SeahawksMarshawn LynchCalifornia
80%
53New England PatriotsShane VereenCalifornia
80%
3Baltimore RavensJustin ForsettCalifornia
80%
11San Francisco 49ersFrank GoreMiami
80%
10Miami DolphinsLamar MillerMiami
80%
40San Francisco 49ersCarlos HydeOhio State
77%
5Houston TexansArian FosterTennessee
77%
60Miami DolphinsKnowshon MorenoGeorgia
75%
16Arizona CardinalsAndre EllingtonClemson
72%
58Buffalo BillsC.J. SpillerClemson
72%
34Kansas City ChiefsKnile DavisArkansas
71%
32Oakland RaidersDarren McFaddenArkansas
71%
31Houston TexansAlfred BlueLSU
71%
13Cincinnati BengalsJeremy HillLSU
71%
22Carolina PanthersJonathan StewartOregon
69%
61Denver BroncosMonte BallWisconsin
68%
17St. Louis RamsTre MasonAuburn
65%
55Cleveland BrownsBen TateAuburn
65%
49Atlanta FalconsDevonta FreemanFlorida State
65%
29Tennessee TitansBishop SankeyWashington
65%
38Philadelphia EaglesLeSean McCoyPittsburgh
62%
39Philadelphia EaglesDarren SprolesKansas State
56%
43Dallas CowboysJoseph RandleOklahoma State
52%
19Atlanta FalconsSteven JacksonOregon State
52%
50Cincinnati BengalsGiovani BernardNorth Carolina
49%
41Tampa Bay BuccaneersDoug MartinBoise State
44%
8Chicago BearsMatt ForteTulane
44%
59Arizona CardinalsJonathan DwyerGeorgia Tech
43%
28New York GiantsAndre WilliamsBoston College
40%
46New Orleans SaintsPierre ThomasIllinois
39%
23New York JetsChris JohnsonEast Carolina
38%
52Buffalo BillsAnthony DixonMississippi State
37%
44Carolina PanthersDeAngelo WilliamsMemphis
36%
56San Diego ChargersRyan MatthewsFresno State
28%
48Seattle SeahawksRobert TurbinUtah State
26%
47Green Bay PackersJames StarksBuffalo
24%
33San Diego ChargersBranden OliverBuffalo
24%
35Indianapolis ColtsAhmad BradshawMarshall
24%
51Denver BroncosRonnie HillmanSan Diego State
24%
6Washington RedskinsAlfred MorrisFlorida Atlantic
20%
18New York GiantsRashad JenningsLiberty
16%
26Minnesota VikingsJerick MicKennonGeorgia Southern
15%
57Baltimore RavensBernard PierceTemple
15%
27Cleveland BrownsIsaiah CrowellAlabama State
12%
36Tampa Bay BuccaneersBobby RaineyWestern Kentucky
10%
25Cleveland BrownsTerrance WestTowson
8%
15Detroit LionsJoique BellWayne State
7%
37Buffalo BillsFred JacksonCoe
6%
54New England PatriotsStevan RidleyLouisiana State
6%
14New York JetsChris IvoryTiffin
6%
42St. Louis RamsBenjamin CunninghamMiddle Tennessee State
5%

Score Distribution

Percentile by Number Answered

Percent of People with Each Score

Your Score History

You have not taken this quiz